000 00712cam a22002413a 4500
001 31416
003 PGUSA
005 20140828083659.0
008 100227s2010||||xxu|||||s|||||000 1 eng d
040 _aPGUSA
_beng
042 _adc
050 4 _aPR
100 1 _aSinclair, May,
_d1863-1946
245 1 4 _aThe Immortal Moment :
_bThe Story of Kitty Tailleur
_h[electronic resource] /
_cMay Sinclair
260 _bProject Gutenberg,
_c2010
506 _aPublic domain in the USA.
516 _aElectronic text
653 _aMan-woman relationships -- Fiction
700 1 _aPhillips, Coles,
_d1880-1927
830 0 _aProject Gutenberg
_v31416
856 4 0 _uhttp://www.gutenberg.org/ebooks/31416
942 _cEB
999 _c260671
_d260671